World War 2 Quiz - Statistics

General Stats
  • This quiz has been taken 64 times
  • The average score is 39 of 55
Answer Stats
Question Tile Select % Correct
Countries that were fully occupied by the Japanese Empire Chile No
96%
Countries that were fully occupied by the Japanese Empire Mexico No
96%
Countries that were fully occupied by the Japanese Empire Canada No
95%
Countries that were fully occupied by the Japanese Empire Pakistan No
95%
Countries that were fully occupied by the Japanese Empire Bolivia No
93%
Countries that were fully occupied by the Japanese Empire Oman No
93%
Countries that were fully occupied by the Japanese Empire USSR No
93%
Countries that were part of the USSR India No
91%
Main Reasons of Countries to enter the war Bombing of New Delhi No
89%
Countries that were part of the USSR Norway No
89%
The fronts of World War 2 Caribbean Front No
88%
The fronts of World War 2 Colombian Front No
88%
The fronts of World War 2 Equatorial Front No
88%
Countries that were part of the USSR Iraq No
88%
Main Reasons of Countries to enter the war Germany declaring war on Poland Yes
86%
Countries that were fully occupied by the Japanese Empire India No
86%
Countries that were fully occupied by the Japanese Empire South Korea Yes
86%
British Colonies that entered World War 2 Suriname No
86%
Countries that were part of the USSR Belarus Yes
84%
The fronts of World War 2 Eastern Front Yes
84%
British Colonies that entered World War 2 Sardinia No
84%
Main Reasons of Countries to enter the war Bombing of Pearl Harbor Yes
82%
British Colonies that entered World War 2 East Timor No
82%
Countries that were part of the USSR Kazakstan Yes
82%
The fronts of World War 2 Kokoda Front No
82%
Countries that were part of the USSR Kyrgystan Yes
82%
The fronts of World War 2 Rio del Plata Front No
82%
Countries that were part of the USSR Georgia Yes
80%
The fronts of World War 2 Western Front Yes
80%
Countries that were part of the USSR Danzig No
79%
Main Reasons of Countries to enter the war Operation Norway No
79%
British Colonies that entered World War 2 Australia Yes
75%
The fronts of World War 2 Australian Front No
75%
British Colonies that entered World War 2 Canada Yes
75%
British Colonies that entered World War 2 Philippines No
75%
Countries that were fully occupied by the Japanese Empire Vietnam Yes
75%
The fronts of World War 2 Pacific Front Yes
73%
Countries that were fully occupied by the Japanese Empire Singapore Yes
70%
Countries that were part of the USSR Mongolia No
68%
Countries that were fully occupied by the Japanese Empire Republic of China No
68%
Countries that were fully occupied by the Japanese Empire Cambodia Yes
64%
The fronts of World War 2 Indian Front No
64%
British Colonies that entered World War 2 India Yes
63%
The fronts of World War 2 North African Front Yes
61%
Countries that were fully occupied by the Japanese Empire Dutch East Indies Yes
59%
Countries that were fully occupied by the Japanese Empire Myanmar Yes
54%
British Colonies that entered World War 2 Newfoundland Yes
38%
Countries that were fully occupied by the Japanese Empire Thailand No
36%
The fronts of World War 2 Mediterranean Yes
34%
Main Reasons of Countries to enter the war Operation Barbarosa No
34%
Main Reasons of Countries to enter the war Naval Submarines and Imports destroyed by German submarines Yes
30%
Main Reasons of Countries to enter the war Great Rivalry with Germany Yes
27%
Main Reasons of Countries to enter the war Winter War Yes
27%
British Colonies that entered World War 2 Gold Coast Yes
11%
Main Reasons of Countries to enter the war Rejected to join Axis Yes
9%
No matching quizzes found
Score Distribution
Percent of People with Each Score
Percentile by Number Answered
Your Score History
You have not taken this quiz